[Event "GER-chT U16 Girls"]
[Site "Neumuenster"]
[Date "2022.12.28"]
[Round "4"]
[White "Czaeczine, Paula"]
[Black "Ramien, Hannah"]
[Result "1-0"]
[WhiteElo "1334"]
[BlackElo "1379"]
[PlyCount "45"]
[EventDate "2022.12.26"]
[EventType "team-swiss"]
[EventRounds "7"]
[EventCountry "GER"]
[SourceTitle "CBM 212 Extra"]
[Source "ChessBase"]
[SourceDate "2023.03.31"]
[SourceVersion "1"]
[SourceVersionDate "2023.03.31"]
[SourceQuality "1"]
[WhiteTeam "Chemnitz Aufbau"]
[BlackTeam "Porz SG"]
[WhiteTeamCountry "GER"]
[BlackTeamCountry "GER"]

1. e4 e6 2. d4 d5 3. exd5 exd5 4. c4 Bb4+ 5. Nc3 Nc6 6. a3 Bxc3+ 7. bxc3 Nf6 8. Bd3 0-0 9. Ne2 Be6 10. cxd5 Bxd5 11. 0-0 Qd7 12. Ng3 Rfe8 13. Qc2 Rad8 14. Bg5 Qe6 15. Bxf6 Qxf6 16. Bxh7+ Kh8 17. Bd3 g6 18. Rae1 Rf8 19. Qd2 Be6 20. Ne4 Qg7 21. Qg5 Rd5 22. Qf4 Rc8 23. Nf6 1-0

[Event "GER-chT U16 Girls"]
[Site "Neumuenster"]
[Date "2022.12.27"]
[Round "2"]
[White "Stepanjan, Tatevik Mia"]
[Black "Ramien, Hannah"]
[Result "1-0"]
[WhiteElo "1108"]
[BlackElo "1379"]
[PlyCount "49"]
[EventDate "2022.12.26"]
[EventType "team-swiss"]
[EventRounds "7"]
[EventCountry "GER"]
[SourceTitle "CBM 212 Extra"]
[Source "ChessBase"]
[SourceDate "2023.03.31"]
[SourceVersion "1"]
[SourceVersionDate "2023.03.31"]
[SourceQuality "1"]
[WhiteTeam "Elmshorn"]
[BlackTeam "Porz SG"]
[WhiteTeamCountry "GER"]
[BlackTeamCountry "GER"]

1. e4 e5 2. Nf3 Nc6 3. Bb5 a6 4. Ba4 Nf6 5. Nc3 b5 6. Bb3 Bc5 7. d3 0-0 8. Bg5 Be7 9. 0-0 Na5 10. Nxe5 Nxb3 11. axb3 Nxe4 12. Nxf7 Rxf7 13. Bxe7 Qxe7 14. dxe4 Bb7 15. Qd3 Raf8 16. f3 Qe5 17. Rad1 b4 18. Na2 a5 19. Qd4 Qe6 20. Qc5 Qf6 21. Rb1 Bxe4 22. Qxc7 Qd4+ 23. Kh1 Qd5 24. Qc4 Qf5 25. fxe4 1-0

[Event "GER-chT U14 Girls"]
[Site "Willingen"]
[Date "2021.06.26"]
[Round "6.2"]
[White "Arnold, Rubina"]
[Black "Ramien, Hannah"]
[Result "1-0"]
[WhiteElo "1442"]
[BlackElo "1396"]
[PlyCount "105"]
[EventDate "2021.06.23"]
[EventType "team-swiss"]
[EventRounds "7"]
[EventCountry "GER"]
[SourceTitle "EXT 2022"]
[Source "ChessBase"]
[SourceDate "2021.10.06"]
[SourceVersion "1"]
[SourceVersionDate "2021.10.06"]
[SourceQuality "1"]
[WhiteTeam "Oberschoeneweide"]
[BlackTeam "Porz SG"]
[WhiteTeamCountry "GER"]
[BlackTeamCountry "GER"]

1. e4 e5 2. Nf3 Nc6 3. d4 exd4 4. Bc4 Nf6 5. 0-0 Bc5 6. c3 0-0 7. cxd4 Bb6 8. e5 d5 9. exf6 dxc4 10. fxg7 Re8 11. d5 Ne7 12. Re1 Bg4 13. Nc3 Bxf3 14. Qxf3 Nxd5 15. Bg5 Rxe1+ 16. Rxe1 Qxg5 17. Nxd5 Ba5 18. Rd1 Rd8 19. h4 Qxh4 20. Nf6+ Kxg7 21. Rxd8 Qxf6 22. Qxf6+ Kxf6 23. Rb8 Bb6 24. Rxb7 Kg6 25. Rb8 h5 26. Kf1 f6 27. Rg8+ Kh7 28. Rg3 Kh6 29. Rc3 Kg5 30. Rxc4 f5 31. g3 Kg6 32. Kg2 Kf6 33. f4 Kg6 34. Rc6+ Kg7 35. Kh3 Ba5 36. Kh4 Bb6 37. Kxh5 Kf7 38. Kg5 Kg7 39. Kxf5 Ba5 40. b4 Bb6 41. a4 a5 42. bxa5 Bxa5 43. g4 Kf7 44. g5 Kg7 45. Kg4 Kf7 46. f5 Kg7 47. Kh5 Kf7 48. g6+ Kg7 49. f6+ Kf8 50. Kh6 Kg8 51. g7 Bb6 52. Kg6 Ba5 53. f7# 1-0

[Event "GER-chT U14 Girls"]
[Site "Willingen"]
[Date "2021.06.24"]
[Round "2.2"]
[White "Ramien, Hannah"]
[Black "Lorenz, Anouk"]
[Result "0-1"]
[WhiteElo "1396"]
[BlackElo "1460"]
[PlyCount "152"]
[EventDate "2021.06.23"]
[EventType "team-swiss"]
[EventRounds "7"]
[EventCountry "GER"]
[SourceTitle "EXT 2022"]
[Source "ChessBase"]
[SourceDate "2021.10.06"]
[SourceVersion "1"]
[SourceVersionDate "2021.10.06"]
[SourceQuality "1"]
[WhiteTeam "Porz SG"]
[BlackTeam "Halle Roter Turm"]
[WhiteTeamCountry "GER"]
[BlackTeamCountry "GER"]

1. e4 c5 2. Nc3 Nc6 3. f4 e6 4. Bc4 g6 5. Nf3 Bg7 6. d3 Nge7 7. 0-0 0-0 8. Qe1 d5 9. Bb3 Na5 10. Qh4 Nxb3 11. axb3 b6 12. f5 exf5 13. Bh6 f6 14. e5 g5 15. Qh5 Qe8 16. Qxe8 Rxe8 17. Bxg7 Kxg7 18. exf6+ Kxf6 19. Rae1 Bb7 20. Nb5 Nc6 21. Nd6 Rxe1 22. Rxe1 Rb8 23. Ne8+ Kf7 24. Nxg5+ Kf8 25. Nxh7+ Kf7 26. Nhf6 Rd8 27. h4 Nb4 28. Re2 Bc6 29. Nc7 Kxf6 30. Re6+ Kf7 31. c3 Bd7 32. Re3 Nc6 33. Nxd5 Be6 34. Nf4 Bxb3 35. h5 Rh8 36. Kf2 Bd1 37. Rh3 Kf6 38. Nd5+ Kg5 39. Nc7 Rxh5 40. Ne6+ Kf6 41. Rxh5 Bxh5 42. Nf4 Bf7 43. Kf3 Ke5 44. g4 fxg4+ 45. Kxg4 a5 46. Ne2 Be6+ 47. Kf3 Ne7 48. d4+ cxd4 49. Nxd4 Bd5+ 50. Ke3 Nf5+ 51. Nxf5 Kxf5 52. Kd4 Bc6 53. c4 Kf4 54. b3 Kf5 55. Kd3 Ke5 56. Ke3 Be4 57. Kd2 Kd4 58. Kc1 Kc3 59. Kd1 Kxb3 60. Kd2 a4 61. Kc1 a3 62. Kd2 a2 63. Ke3 Bc6 64. Kd4 a1Q+ 65. Ke3 Kc3 66. Kf4 Qe1 67. Kg4 Qf1 68. Kg3 Bf3 69. Kf4 Bc6+ 70. Ke5 Qxc4 71. Kf5 Qe4+ 72. Kf6 Kd4 73. Kg5 Ke5 74. Kh6 Kf6 75. Kh5 Bb5 76. Kh6 Qg6# 0-1

[Event "GER-chT Christmas U16 Lasker"]
[Site "Playchess.com INT"]
[Date "2020.12.28"]
[Round "3.1"]
[White "Maas, Kolja"]
[Black "Ramien, Hannah"]
[Result "1-0"]
[WhiteElo "1559"]
[BlackElo "1396"]
[PlyCount "71"]
[EventDate "2020.12.28"]
[EventType "team-swiss (blitz)"]
[EventRounds "7"]
[EventCountry "GER"]
[SourceTitle "CBM 200 Extra"]
[Source "ChessBase"]
[SourceDate "2021.03.31"]
[SourceVersion "1"]
[SourceVersionDate "2021.03.31"]
[SourceQuality "1"]
[WhiteTeam "Luebeck II"]
[BlackTeam "Koeln Porz II"]
[WhiteTeamCountry "GER"]
[BlackTeamCountry "GER"]

1. e4 e5 2. Nf3 Nc6 3. Bb5 a6 4. Ba4 Nf6 5. Nc3 d6 6. d4 exd4 7. Nxd4 Bd7 8. Nxc6 Bxc6 9. Bxc6+ bxc6 10. 0-0 Be7 11. Qd3 0-0 12. Bg5 h6 13. Bh4 Qd7 14. Rae1 Rfe8 15. Re3 Ng4 16. Rh3 Qe6 17. Bxe7 Qxe7 18. f4 Rab8 19. b3 Nf6 20. Re1 Qd7 21. Qxa6 Ra8 22. Qd3 c5 23. Qg3 Kh7 24. Qd3 Kh8 25. a4 Rad8 26. Nd5 Nxd5 27. Qxd5 c6 28. Qd2 Re7 29. f5 Rde8 30. Qf4 d5 31. e5 Qc7 32. f6 Re6 33. Ree3 Qd8 34. Rxh6+ gxh6 35. Qxh6+ Kg8 36. Qg7# 1-0

[Event "GER-chT Christmas U16 Lasker"]
[Site "Playchess.com INT"]
[Date "2020.12.28"]
[Round "5.1"]
[White "Schwandner, Clemens"]
[Black "Ramien, Hannah"]
[Result "1/2-1/2"]
[WhiteElo "1281"]
[BlackElo "1396"]
[PlyCount "71"]
[EventDate "2020.12.28"]
[EventType "team-swiss (blitz)"]
[EventRounds "7"]
[EventCountry "GER"]
[SourceTitle "CBM 200 Extra"]
[Source "ChessBase"]
[SourceDate "2021.03.31"]
[SourceVersion "1"]
[SourceVersionDate "2021.03.31"]
[SourceQuality "1"]
[WhiteTeam "Nordhausen"]
[BlackTeam "Koeln Porz II"]
[WhiteTeamCountry "GER"]
[BlackTeamCountry "GER"]

1. e4 e5 2. Nf3 Nc6 3. Nc3 Nf6 4. Bb5 d6 5. d4 exd4 6. Nxd4 Bd7 7. Be3 a6 8. Ba4 b5 9. Bb3 Be7 10. Nxc6 Bxc6 11. Bd5 Qd7 12. h3 0-0 13. 0-0 b4 14. Bxc6 Qxc6 15. Nd5 Rfe8 16. Re1 Nxe4 17. Nxb4 Qb5 18. Nd5 Qb7 19. Bf4 Bf6 20. Qd3 Bxb2 21. Rab1 Nc5 22. Qf3 Rxe1+ 23. Rxe1 Qa7 24. Qe3 Ne6 25. Qxa7 Rxa7 26. Rb1 Bf6 27. Rb8+ Bd8 28. Ne7+ Kf8 29. Nc6 Ke8 30. Nxa7 Nxf4 31. Nc6 Ne6 32. Nxd8 Nxd8 33. Rb3 Kd7 34. c4 Ne6 35. f3 Nc5 36. Rb1 1/2-1/2

[Event "GER-chT U14 Girls"]
[Site "Neumuenster"]
[Date "2019.12.29"]
[Round "6.2"]
[White "Ramien, Hannah"]
[Black "Oswald, Hannah"]
[Result "0-1"]
[WhiteElo "1439"]
[BlackElo "1647"]
[PlyCount "62"]
[EventDate "2019.12.27"]
[EventType "team-swiss"]
[EventRounds "7"]
[EventCountry "GER"]
[SourceTitle "CBM 194 Extra"]
[Source "ChessBase"]
[SourceDate "2020.03.31"]
[SourceVersion "1"]
[SourceVersionDate "2020.03.31"]
[SourceQuality "1"]
[WhiteTeam "Porz SG"]
[BlackTeam "Leipzig SG"]
[WhiteTeamCountry "GER"]
[BlackTeamCountry "GER"]

1. e4 e5 2. Nf3 Nc6 3. Bc4 Nf6 4. d3 Be7 5. c3 0-0 6. 0-0 d6 7. Nbd2 Na5 8. Bb5 a6 9. Ba4 b5 10. Bc2 c5 11. Re1 Nc6 12. Nf1 Re8 13. Ng3 Bf8 14. h3 g6 15. Be3 Bg7 16. Qd2 Be6 17. Bh6 Rb8 18. Bxg7 Kxg7 19. Ng5 Bc8 20. Bb3 Re7 21. f4 h6 22. Nf3 Qb6 23. Qf2 exf4 24. Ne2 g5 25. Nd2 Ne5 26. Bc2 Bd7 27. h4 Nfg4 28. Qf1 Ne3 29. Qf2 Nxc2 30. Rac1 Nxe1 31. Qxe1 Nxd3 0-1

[Event "GER-chT U14 Girls"]
[Site "Neumuenster"]
[Date "2019.12.27"]
[Round "1.8"]
[White "Ramien, Hannah"]
[Black "Margaryan, Susanna"]
[Result "0-1"]
[WhiteElo "1439"]
[BlackElo "1395"]
[PlyCount "112"]
[EventDate "2019.12.27"]
[EventType "team-swiss"]
[EventRounds "7"]
[EventCountry "GER"]
[SourceTitle "CBM 194 Extra"]
[Source "ChessBase"]
[SourceDate "2020.03.31"]
[SourceVersion "1"]
[SourceVersionDate "2020.03.31"]
[SourceQuality "1"]
[WhiteTeam "Porz SG"]
[BlackTeam "Elmshorn"]
[WhiteTeamCountry "GER"]
[BlackTeamCountry "GER"]

1. e4 d5 2. exd5 Qxd5 3. Nc3 Qa5 4. d4 c6 5. Bc4 Bf5 6. Nf3 Nf6 7. Bd2 e6 8. 0-0 Be7 9. d5 cxd5 10. Nxd5 Qd8 11. Nxe7 Qxe7 12. a3 Nc6 13. Bf4 Rd8 14. Qe2 0-0 15. Rad1 Bg4 16. c3 Rxd1 17. Rxd1 e5 18. Re1 e4 19. h3 Bh5 20. g4 Bg6 21. Nh4 Re8 22. Nxg6 hxg6 23. Bg5 Ne5 24. Bxf6 Qxf6 25. Kg2 Nxc4 26. Qxc4 Qf3+ 27. Kg1 e3 28. Rxe3 Rxe3 29. fxe3 Qxe3+ 30. Kh1 Qc1+ 31. Kg2 Qxb2+ 32. Kg3 Qxa3 33. Qb4 Qxb4 34. cxb4 a6 35. Kf4 b6 36. g5 a5 37. bxa5 bxa5 38. Ke3 f6 39. h4 fxg5 40. hxg5 Kf7 41. Kd4 a4 42. Kc4 a3 43. Kb3 a2 44. Kxa2 Ke6 45. Kb3 Kf5 46. Kc3 Kxg5 47. Kd3 Kf4 48. Ke2 g5 49. Kf2 g4 50. Kg2 g3 51. Kg1 Kf3 52. Kf1 g2+ 53. Kg1 g6 54. Kh2 Kf2 55. Kh3 g1Q 56. Kh4 Qg3# 0-1

[Event "GER-chT U14 Girls"]
[Site "Neumuenster"]
[Date "2018.12.29"]
[Round "5.3"]
[White "Ramien, Hannah"]
[Black "Schneider, Anna"]
[Result "0-1"]
[WhiteElo "1280"]
[BlackElo "1475"]
[PlyCount "128"]
[EventDate "2018.12.27"]
[EventType "team-swiss"]
[EventRounds "7"]
[EventCountry "GER"]
[SourceTitle "CBM 188 Extra"]
[Source "ChessBase"]
[SourceDate "2019.02.26"]
[SourceVersion "1"]
[SourceVersionDate "2019.02.26"]
[SourceQuality "1"]
[WhiteTeam "Porz SG"]
[BlackTeam "Sasbach"]
[WhiteTeamCountry "GER"]
[BlackTeamCountry "GER"]

1. e4 e5 2. Nf3 Nc6 3. Bc4 Bc5 4. c3 Nf6 5. d3 d6 6. Nbd2 a6 7. Bb3 Ba7 8. 0-0 0-0 9. h3 h6 10. Re1 Be6 11. Nf1 Qd7 12. Ng3 Ne7 13. Nh4 Bxh3 14. gxh3 Qxh3 15. Qf3 Qxh4 16. Kg2 Qg4 17. Qxg4 Nxg4 18. f3 Nf6 19. Nf1 Ng6 20. Kg3 Nh5+ 21. Kg4 Nhf4 22. Bxf4 Nxf4 23. Rad1 Bf2 24. Re3 Bxe3 25. Nxe3 Ne6 26. Nd5 c6 27. Ne3 g6 28. Bxe6 fxe6 29. Nc4 Rad8 30. Rf1 Kg7 31. Kh4 g5+ 32. Kg4 Rf4+ 33. Kg3 Rh4 34. Ne3 Rf4 35. Ng2 Rf6 36. Ne3 Rf4 37. Ng2 Rf6 38. Ne3 h5 39. Kh3 d5 40. Kg2 Rdf8 41. a3 g4 42. fxg4 Rxf1 43. Nxf1 hxg4 44. Ng3 Kg6 45. exd5 exd5 46. Kg1 Rf3 47. Kg2 Rxd3 48. a4 Rxg3+ 49. Kxg3 Kf5 50. Kf2 Kf4 51. Kg2 e4 52. Kf2 g3+ 53. Kg2 e3 54. Kf1 Kf3 55. Ke1 g2 56. Kd1 g1Q+ 57. Kc2 e2 58. Kb3 e1Q 59. Ka2 Qa1+ 60. Kb3 Qgd1+ 61. Kb4 Qxb2+ 62. Kc5 Qxc3+ 63. Kd6 Qf6+ 64. Kc5 Qdd4# 0-1

[Event "GER-ch U25-B"]
[Site "Willingen"]
[Date "2018.05.23"]
[Round "6"]
[White "Ramien, Hannah"]
[Black "Trams, Emma Joe"]
[Result "0-1"]
[WhiteElo "1337"]
[BlackElo "1291"]
[PlyCount "96"]
[EventDate "2018.05.19"]
[EventType "swiss"]
[EventRounds "9"]
[EventCountry "GER"]
[SourceTitle "CBM 184 Extra"]
[Source "ChessBase"]
[SourceDate "2018.06.28"]
[SourceVersion "1"]
[SourceVersionDate "2018.06.28"]
[SourceQuality "1"]

1. e4 e5 2. Nf3 Nc6 3. Bc4 Nf6 4. d3 h6 5. c3 Be7 6. Nbd2 0-0 7. Bb3 d6 8. h3 Re8 9. Nf1 Bf8 10. Ng3 d5 11. Qe2 dxe4 12. dxe4 b6 13. Nf5 Bb7 14. Bd2 Na5 15. Bc2 Qc8 16. g4 Nh7 17. 0-0-0 Qe6 18. Kb1 Nc6 19. Rhg1 a5 20. Bb3 Ba6 21. Qe1 Bc4 22. Bxc4 Qxc4 23. b3 Qd3+ 24. Kb2 Qa6 25. g5 h5 26. g6 Nf6 27. gxf7+ Kxf7 28. Ng5+ Kg8 29. h4 a4 30. Ra1 axb3 31. axb3 Ba3+ 32. Kc2 Rad8 33. Qf1 Qxf1 34. Raxf1 g6 35. Ng3 Rd6 36. b4 Red8 37. Be3 Ng4 38. Ra1 Nxe3+ 39. fxe3 Rd2+ 40. Kb3 Bxb4 41. cxb4 R2d3+ 42. Kc2 Nxb4+ 43. Kb2 Rxe3 44. Ra3 Rd2+ 45. Kc1 Rc2+ 46. Kd1 Rxa3 47. Ne2 Ra1+ 48. Nc1 Raxc1# 0-1

[Event "GER-ch U25-B"]
[Site "Willingen"]
[Date "2018.05.23"]
[Round "5"]
[White "Reuter, Maximilian"]
[Black "Ramien, Hannah"]
[Result "1-0"]
[WhiteElo "1518"]
[BlackElo "1337"]
[PlyCount "39"]
[EventDate "2018.05.19"]
[EventType "swiss"]
[EventRounds "9"]
[EventCountry "GER"]
[SourceTitle "CBM 184 Extra"]
[Source "ChessBase"]
[SourceDate "2018.06.28"]
[SourceVersion "1"]
[SourceVersionDate "2018.06.28"]
[SourceQuality "1"]

1. e4 e5 2. f4 exf4 3. Nf3 Ne7 4. d4 Ng6 5. Bc4 d6 6. Nc3 Be7 7. 0-0 Bg4 8. Qd3 Bxf3 9. Qxf3 Bg5 10. g3 0-0 11. gxf4 Bh6 12. f5 Bxc1 13. fxg6 Bxb2 14. gxh7+ Kh8 15. Rad1 Bxc3 16. Qxc3 Qg5+ 17. Kh1 Kxh7 18. Bxf7 Qe7 19. Qh3+ Qh4 20. Qxh4# 1-0

[Event "GER-chT U14 Girls"]
[Site "Neumuenster"]
[Date "2017.12.28"]
[Round "4.3"]
[White "Ramien, Hannah"]
[Black "Roell, Laura"]
[Result "1/2-1/2"]
[WhiteElo "1187"]
[BlackElo "1006"]
[PlyCount "53"]
[EventDate "2017.12.26"]
[EventType "team-swiss"]
[EventRounds "7"]
[EventCountry "GER"]
[SourceTitle "CBM 182 Extra"]
[Source "ChessBase"]
[SourceDate "2018.02.23"]
[SourceVersion "1"]
[SourceVersionDate "2018.02.23"]
[SourceQuality "1"]
[WhiteTeam "Porz SG"]
[BlackTeam "Vaterstetten"]
[WhiteTeamCountry "GER"]
[BlackTeamCountry "GER"]

1. e4 e5 2. Nf3 Nc6 3. Bc4 Nf6 4. d3 h6 5. c3 Bc5 6. Nbd2 d6 7. Nf1 Bg4 8. Ng3 Qe7 9. h3 Bh5 10. Nf5 Qf8 11. 0-0 0-0-0 12. Be3 g6 13. Ng3 g5 14. Nxh5 Nxh5 15. Nd2 Nf4 16. Qg4+ Kb8 17. Bxf4 exf4 18. Qf5 f6 19. b4 Ne7 20. Qg4 Bb6 21. Nb3 h5 22. Qe2 g4 23. h4 f3 24. Qd2 fxg2 25. Kxg2 f5 26. Rg1 Ng6 27. Rh1 1/2-1/2

[Event "GER-chT U14 Girls"]
[Site "Neumuenster"]
[Date "2017.12.27"]
[Round "2.3"]
[White "Kessen, Fanny"]
[Black "Ramien, Hannah"]
[Result "1-0"]
[WhiteElo "1232"]
[BlackElo "1187"]
[PlyCount "51"]
[EventDate "2017.12.26"]
[EventType "team-swiss"]
[EventRounds "7"]
[EventCountry "GER"]
[SourceTitle "CBM 182 Extra"]
[Source "ChessBase"]
[SourceDate "2018.02.23"]
[SourceVersion "1"]
[SourceVersionDate "2018.02.23"]
[SourceQuality "1"]
[WhiteTeam "Friedrichshagen"]
[BlackTeam "Porz SG"]
[WhiteTeamCountry "GER"]
[BlackTeamCountry "GER"]

1. e4 e5 2. Nf3 Nc6 3. Bc4 Nf6 4. d3 Be7 5. c3 d6 6. Bb3 0-0 7. 0-0 a6 8. Nbd2 b5 9. Re1 Na5 10. Bc2 c5 11. a3 Nc6 12. Nf1 Re8 13. Ng3 Bf8 14. h3 h6 15. Bb3 Bb7 16. Nh4 Ne7 17. Ngf5 Nxf5 18. Nxf5 d5 19. Qf3 dxe4 20. dxe4 Nh5 21. Qxh5 c4 22. Ba2 Qb6 23. a4 Kh7 24. Qxf7 Kh8 25. b3 cxb3 26. Bxb3 1-0

[Event "GER-chT U14 Girls"]
[Site "Neumuenster"]
[Date "2017.12.27"]
[Round "1.3"]
[White "Ramien, Hannah"]
[Black "Oschlies, Tami"]
[Result "0-1"]
[WhiteElo "1187"]
[BlackElo "1317"]
[PlyCount "132"]
[EventDate "2017.12.26"]
[EventType "team-swiss"]
[EventRounds "7"]
[EventCountry "GER"]
[SourceTitle "CBM 182 Extra"]
[Source "ChessBase"]
[SourceDate "2018.02.23"]
[SourceVersion "1"]
[SourceVersionDate "2018.02.23"]
[SourceQuality "1"]
[WhiteTeam "Porz SG"]
[BlackTeam "Friedrichsfelde Borussia"]
[WhiteTeamCountry "GER"]
[BlackTeamCountry "GER"]

1. e4 c5 2. Nc3 d6 3. f4 e6 4. Nf3 Be7 5. Bc4 Bd7 6. d4 cxd4 7. Qxd4 Nf6 8. 0-0 Qc7 9. Be3 a6 10. Bb3 Nc6 11. Qb6 Bd8 12. Na4 Qxb6 13. Bxb6 Bxb6+ 14. Nxb6 Rd8 15. e5 dxe5 16. fxe5 Ne4 17. Rfe1 Nc5 18. Rad1 Nxb3 19. cxb3 Ke7 20. Ng5 Nxe5 21. Rxe5 f6 22. Rc5 fxg5 23. Rxg5 g6 24. Rc5 Bc6 25. Re1 Rd2 26. Rce5 Rxg2+ 27. Kf1 Rxh2 28. Rxe6+ Kf7 29. R6e2 Bb5 30. Nc4 Bxc4 31. bxc4 Rh1+ 32. Kg2 Rxe1 33. Rxe1 Re8 34. Rf1+ Kg7 35. Rf2 h5 36. Kg3 g5 37. b3 Rf8 38. Re2 Kg6 39. Re6+ Rf6 40. Re4 h4+ 41. Kg4 Rf1 42. Re5 Rg1+ 43. Kh3 Rg3+ 44. Kh2 Rf3 45. Kg2 g4 46. Re2 h3+ 47. Kh2 Kg5 48. Re8 Rf2+ 49. Kg1 g3 50. Rg8+ Kf4 51. Rf8+ Ke3 52. Re8+ Kd2 53. Rd8+ Kc2 54. Rh8 h2+ 55. Rxh2 Rxh2 56. b4 Rd2 57. b5 axb5 58. cxb5 g2 59. a4 Kd3 60. a5 Ke3 61. a6 bxa6 62. bxa6 Kf3 63. Kh2 Ra2 64. a7 Rxa7 65. Kg1 Ra1+ 66. Kh2 Rh1# 0-1

[Event "Heusenstamm Sparkassen op-B 4th"]
[Site "Heusenstamm"]
[Date "2017.11.26"]
[Round "6"]
[White "Tobias, Christian"]
[Black "Ramien, Hannah"]
[Result "1/2-1/2"]
[WhiteElo "1457"]
[BlackElo "1369"]
[PlyCount "101"]
[EventDate "2017.11.23"]
[EventType "swiss"]
[EventRounds "7"]
[EventCountry "GER"]
[SourceTitle "EXT 2019"]
[Source "ChessBase"]
[SourceDate "2018.10.10"]
[SourceVersion "1"]
[SourceVersionDate "2018.10.10"]
[SourceQuality "1"]

1. e4 e5 2. Nf3 Nc6 3. d4 exd4 4. Nxd4 Nf6 5. Nc3 Bb4 6. Nxc6 bxc6 7. e5 Qe7 8. Qe2 Nd5 9. Bd2 Nxc3 10. bxc3 Bc5 11. Rb1 0-0 12. g3 d6 13. exd6 Qxe2+ 14. Bxe2 cxd6 15. 0-0 Bf5 16. Bd3 Bxd3 17. cxd3 Rab8 18. d4 Bb6 19. Bf4 Bc7 20. c4 Rxb1 21. Rxb1 Rd8 22. Rb7 Bb6 23. d5 cxd5 24. cxd5 h6 25. Be3 Bc5 26. Kf1 a5 27. a4 Bb4 28. Ke2 g5 29. Bd2 Re8+ 30. Kd3 Bxd2 31. Kxd2 Re5 32. Rb5 Kf8 33. Rxa5 Ke7 34. Rb5 Re4 35. Rb7+ Kf6 36. Rb3 Rxa4 37. Rf3+ Kg6 38. Rd3 f6 39. Ke3 Kf5 40. f3 Ke5 41. Rd2 f5 42. h3 f4+ 43. gxf4+ gxf4+ 44. Kf2 Rd4 45. Rxd4 Kxd4 46. Ke2 Kxd5 47. Kd3 Ke5 48. h4 h5 49. Kc3 d5 50. Kd3 d4 51. Kc4 1/2-1/2

[Event "Heusenstamm Sparkassen op-B 4th"]
[Site "Heusenstamm"]
[Date "2017.11.24"]
[Round "2"]
[White "Mook, Karl Juergen"]
[Black "Ramien, Hannah"]
[Result "1-0"]
[WhiteElo "1529"]
[BlackElo "1369"]
[PlyCount "81"]
[EventDate "2017.11.23"]
[EventType "swiss"]
[EventRounds "7"]
[EventCountry "GER"]
[SourceTitle "EXT 2019"]
[Source "ChessBase"]
[SourceDate "2018.10.10"]
[SourceVersion "1"]
[SourceVersionDate "2018.10.10"]
[SourceQuality "1"]

1. e4 e5 2. Nf3 Nc6 3. Be2 Nf6 4. d4 exd4 5. e5 Nd5 6. a3 Be7 7. 0-0 0-0 8. Nxd4 Nxe5 9. Nf5 Nb6 10. Nxe7+ Qxe7 11. Nc3 d6 12. Be3 Nec4 13. Bxb6 Nxb6 14. Re1 Qg5 15. Bd3 Bg4 16. f3 Bh3 17. Bf1 Rfe8 18. Ne4 Qg6 19. Kh1 Bf5 20. Bd3 d5 21. Nf2 Rad8 22. Qd2 Nc4 23. Qc3 Bxd3 24. Nxd3 Ne3 25. Nf4 Qxc2 26. Rxe3 Qxc3 27. Rxe8+ Rxe8 28. bxc3 c6 29. Kg1 g6 30. Kf2 Kg7 31. Nd3 Rd8 32. Re1 Kf6 33. Ne5 d4 34. cxd4 Rxd4 35. Ng4+ Kg7 36. Re7 Rd2+ 37. Kg3 Rb2 38. Re3 c5 39. Ne5 b6 40. Nc4 b5 41. Nxb2 1-0

[Event "Heusenstamm Sparkassen op-B 4th"]
[Site "Heusenstamm"]
[Date "2017.11.23"]
[Round "1"]
[White "Ramien, Hannah"]
[Black "Hansen, Thore"]
[Result "0-1"]
[WhiteElo "1369"]
[BlackElo "1648"]
[PlyCount "52"]
[EventDate "2017.11.23"]
[EventType "swiss"]
[EventRounds "7"]
[EventCountry "GER"]
[SourceTitle "EXT 2019"]
[Source "ChessBase"]
[SourceDate "2018.10.10"]
[SourceVersion "1"]
[SourceVersionDate "2018.10.10"]
[SourceQuality "1"]

1. e4 e5 2. Nf3 Nc6 3. Bc4 Be7 4. d3 Nf6 5. c3 0-0 6. 0-0 d6 7. Nbd2 Be6 8. Bb3 Qd7 9. Re1 Rad8 10. Nf1 Rfe8 11. Bg5 h6 12. Bxf6 Bxf6 13. Ne3 b5 14. d4 exd4 15. cxd4 Bxb3 16. axb3 Rxe4 17. d5 Ne5 18. Nxe5 Bxe5 19. Rxa7 Bd4 20. Rb7 Bb6 21. Qc2 Rde8 22. Rc1 f5 23. Nf1 Re2 24. Qc6 Qxc6 25. dxc6 Bxf2+ 26. Kh1 Bb6 0-1

[Event "Bad Soden U10 op"]
[Site "Bad Soden"]
[Date "2017.10.03"]
[Round "9"]
[White "Ramien, Hannah"]
[Black "Pick, Max"]
[Result "0-1"]
[WhiteElo "1528"]
[BlackElo "1468"]
[PlyCount "98"]
[EventDate "2017.09.30"]
[EventType "swiss"]
[EventRounds "9"]
[EventCountry "GER"]
[SourceTitle "EXT 2019"]
[Source "ChessBase"]
[SourceDate "2018.10.10"]
[SourceVersion "1"]
[SourceVersionDate "2018.10.10"]
[SourceQuality "1"]

1. e4 e6 2. d4 d5 3. exd5 exd5 4. c4 Nc6 5. Nf3 Bg4 6. cxd5 Bxf3 7. Qxf3 Nxd4 8. Qe4+ Qe7 9. Qxe7+ Bxe7 10. Bd3 Nf6 11. Be3 c5 12. Bxd4 cxd4 13. Bb5+ Kd8 14. 0-0 a6 15. Ba4 Nxd5 16. Bb3 Nb4 17. a3 Nc6 18. Bxf7 Kc7 19. Re1 Bf6 20. Nd2 Ne5 21. Rac1+ Kb8 22. Bd5 Nd3 23. h3 Bg5 24. Re4 Nxc1 25. Nf3 Bf6 26. Nxd4 Bxd4 27. Rxd4 Ne2+ 28. Kf1 Nxd4 29. Be4 Nb3 30. Bc2 Nd4 31. Be4 Ka7 32. f3 Rhe8 33. Kf2 h6 34. Kg1 Ne2+ 35. Kf2 Nd4 36. Kg1 Rac8 37. Kf2 g5 38. Bg6 Re2+ 39. Kg1 Rc1+ 40. Kh2 Rcc2 41. Bxc2 Rxc2 42. Kg1 Rxb2 43. a4 b5 44. axb5 Nxb5 45. Kh2 a5 46. Kg1 a4 47. Kf1 a3 48. Ke1 a2 49. Kd1 a1R# 0-1

[Event "GER-ch U10 Girls"]
[Site "Willingen"]
[Date "2017.06.09"]
[Round "10"]
[White "Ramien, Hannah"]
[Black "Pohle, Saskia"]
[Result "1/2-1/2"]
[WhiteElo "1243"]
[BlackElo "1568"]
[PlyCount "130"]
[EventDate "2017.06.04"]
[EventType "swiss"]
[EventRounds "11"]
[EventCountry "GER"]
[SourceTitle "CBM 178 Extra"]
[Source "ChessBase"]
[SourceDate "2017.06.22"]
[SourceVersion "1"]
[SourceVersionDate "2017.06.22"]
[SourceQuality "1"]

1. e4 e5 2. Nf3 Nc6 3. Bc4 Nf6 4. d3 Be7 5. Bb3 0-0 6. 0-0 d5 7. Nbd2 Bg4 8. Re1 Re8 9. Qe2 Bb4 10. c3 Be7 11. Nf1 d4 12. c4 Nd7 13. h3 Bh5 14. Ng3 Bg6 15. a3 Nc5 16. Ba2 a6 17. Bd2 Qd7 18. b4 Ne6 19. c5 b6 20. cxb6 cxb6 21. Rac1 Rac8 22. Bd5 Na7 23. Nxe5 Qd6 24. Nxg6 hxg6 25. Qg4 Bf6 26. Bxe6 Qxe6 27. Qxe6 Rxe6 28. Rxc8+ Nxc8 29. Rc1 Na7 30. Rc7 Nb5 31. Rc8+ Kh7 32. a4 Nc3 33. Bxc3 dxc3 34. Ne2 Rd6 35. Nxc3 Rxd3 36. Nd5 Rd4 37. f3 Be5 38. Rc1 a5 39. bxa5 bxa5 40. Nb6 Rb4 41. Nd7 Bd4+ 42. Kh2 Rxa4 43. Nc5 Be5+ 44. Kg1 Ra1 45. Rxa1 Bxa1 46. Na4 Bd4+ 47. Kf1 Kh6 48. Ke2 Kg5 49. g3 f5 50. f4+ Kf6 51. e5+ Ke6 52. g4 fxg4 53. hxg4 Bg1 54. Kd3 Kd5 55. Nc3+ Ke6 56. Ke4 Bh2 57. f5+ gxf5+ 58. gxf5+ Kf7 59. e6+ Ke7 60. Nd5+ Ke8 61. Kd4 a4 62. Nc3 a3 63. Kd5 Ke7 64. Kc6 Be5 65. Na2 Bd6 1/2-1/2